Αλγόριθμοι σε C++ : θεμελιώδεις έννοιες, δομές δεδομένων, ταξινόμηση, αναζήτηση
Αποθηκεύτηκε σε:
| Κύριος συγγραφέας: | |
|---|---|
| Μορφή: | Βιβλίο |
| Γλώσσα: | Greek English |
| Δημοσίευση: |
Αθήνα :
Κλειδάριθμος,
c2006.
|
| Έκδοση: | 3η αμερ. έκδ. |
| Θέματα: | |
| Ετικέτες: |
Προσθήκη ετικέτας
Δεν υπάρχουν, Καταχωρήστε ετικέτα πρώτοι!
|
MARC
| LEADER | 00000cam a2200000 i 4500 | ||
|---|---|---|---|
| 001 | 1/37409 | ||
| 008 | 061111s2006 gr | ||| |||| ||gre|| | ||
| 020 | |a 9602099178 | ||
| 035 | |l 10086080 | ||
| 040 | |a GR-MyUa |b gre |e AACR2 | ||
| 041 | 1 | |a gre |h eng | |
| 082 | 7 | |a 005.133 |2 (22) | |
| 100 | 1 | |a Sedgewick, Robert, |d 1946- | |
| 245 | 1 | 0 | |a Αλγόριθμοι σε C++ : |b θεμελιώδεις έννοιες, δομές δεδομένων, ταξινόμηση, αναζήτηση / |c Robert Sedgewick ; [σύμβουλος για τη C++ ο J. Van Wyk]. |
| 250 | |a 3η αμερ. έκδ. | ||
| 260 | |a Αθήνα : |b Κλειδάριθμος, |c c2006. | ||
| 300 | |a 776 σ. : |b εικ. ; |c 24 εκ. | ||
| 500 | |a Μέρη 1-4. | ||
| 504 | |a Περιλαμβάνει βιβλιογραφίες και ευρετήριο. | ||
| 650 | 0 | |a C++ (Computer program language) | |
| 765 | 0 | 8 | |i Μετάφραση του: |t Algorithms in C++ : |
| 852 | |a INST |b SYROS |e 20061111 |h 005.133 SED |p 005500007447 |q 005500007447 |t BK |y 0 | ||
| 901 | |a BIBL5-2007-1 | ||
| 922 | |a 5ΕΛΗ |b 200610 |c Βιβλιοθήκη Σύρου |d Glory Book | ||
| 950 | |a 188-2006-10-11 | ||
| 970 | |a Κοντού |b Παρασκευή |z 24/04/2007 | ||